Geography Quiz

Random Geography or State Quiz

State Quiz: Massachusetts Stats

 Plays Quiz Updated Mar 6, 2018

Score 0/38 Timer 10:00
0 Plays Today
Hint Answer % Correct
CapitalBoston
93%
Bordering StateNew York
89.5%
Bordering StateRhode Island
89%
Bordering StateVermont
88.3%
Bordering StateNew Hampshire
88.2%
Bordering StateConnecticut
88%
# State to Enter UnionSixth
85.9%
Lowest Point (0 ft.)Sea Level
84%
MLB TeamBoston Red Sox
84%
Bordering Body of WaterAtlantic Ocean
83.9%
NFL TeamNew England Patriots
82.4%
NBA TeamBoston Celtics
81.7%
Time ZoneEastern Time
78.8%
NHL TeamBoston Bruins
76.8%
Flag Background ColorWhite
71.4%
Nation First Colonized ByGreat Britain
69.2%
President Born in MassachusettsJohn Adams
67%
President Born in MassachusettsJohn Quincy Adams
66.6%
Number of Electoral Votes11
64.7%
Hint Answer % Correct
President Born in MassachusettsJohn F. Kennedy
64.7%
Year Entered Union1788
61.3%
Largest Institution of Higher EducationBoston University
59.9%
Population RankFifteenth
59.3%
State NicknameThe Bay State; the Codfish State; the Old Colony State
49.7%
Year First Settlers Arrived1620
48.6%
U.S. SenatorElizabeth Warren (D)
46.8%
President Born in MassachusettsGeorge H. W. Bush
41.4%
MLS TeamNew England Revolution
41%
GovernorCharlie Baker (R)
31.8%
Name Before StatehoodProvince of Massachusetts Bay
31.1%
U.S. SenatorEd Markey (D)
25.1%
DemonymBay Stater
24.2%
State TreeAmerican Elm
21.3%
State BirdBlack-capped Chickadee
19%
State FlowerMayflower
16.6%
Highest Point (3,489 ft.)Mount Greylock
14.8%
Lieutenant GovernorKaryn Polito (R)
10.9%
First GovernorJohn Hancock
9.3%

You're not logged in!

Compare scores with friends on all Sporcle quizzes.
OR
Log In

Show Comments

Extras

Top Quizzes Today


Score Distribution

Your Account Isn't Verified!

In order to create a playlist on Sporcle, you need to verify the email address you used during registration. Go to your Sporcle Settings to finish the process.

Report this User

Report this user for behavior that violates our Community Guidelines.

Details: